000 00689nam a2200157Ia 4500
008 100122s9999 xx 000 0 und d
082 _b23212
_a823.08
100 _aकोलारकर छा रा
245 _aसर्वोत्कृष्ठ मराठी कथा (पावसाने खराब )
260 _bछाया कोलारकर
_c1960
300 _a100
630 _aसर्वोत्कृष्ठ मराठी कथा (पावसाने खराब )
700 _aकोलारकर राम
730 _aसर्वोत्कृष्ठ मराठी कथा (पावसाने खराब )
942 _cBOOK
999 _c410816
_d410813